000 00601nam a2200229Ia 4500
003 OSt
005 20221005120129.0
006 a|||||r|||| 00| 0
007 ta
008 221004b |||||||| |||| 00| 0 eng d
024 _a71017
037 _cTextual
040 _aCRL
_cCRL
_beng
041 _2eng
_aeng
082 _aY1:49x9z7, J3
100 _aFulop-Miller Rene
_975194
245 0 _aDehumanization in modern society, its roots and dangers
260 _c1953
650 _aSOCIOLOGY
942 _hY1:49x9z7, J3
_cTEXL
_2cc
999 _c1036946
_d1036946